| 000 | 00872nam a2200301 4500 | ||
|---|---|---|---|
| 999 |
_c128795 _d128795 |
||
| 001 | 2194433 | ||
| 003 | ARRUPE | ||
| 005 | 20190123120633.0 | ||
| 008 | 720127s1970 enkb b 001 0 eng | ||
| 010 | _a 72880581 | ||
| 015 | _aB70-22113 | ||
| 020 | _a0140410023 | ||
| 040 |
_aDLC _cDLC _dDLC |
||
| 043 | _af------ | ||
| 050 | 0 | 0 |
_aSPC. DT22 _b.O4 1972 |
| 082 | 0 | 0 | _a916./03 |
| 100 | 1 |
_aOliver, Roland Anthony. _931383 |
|
| 245 | 1 | 2 |
_aA short history of Africa, _cby Roland Oliver and J. D. Fage. |
| 250 | _a4th ed. | ||
| 260 |
_aHarmondsworth, _bPenguin, _c1972. |
||
| 300 |
_a299 p. _bmaps. _c18 cm. |
||
| 350 | _a6/- | ||
| 490 | 0 | _aPenguin African library | |
| 504 | _aBibliography: p. 269-281. | ||
| 651 | 0 |
_aAfrica _xHistory. _944063 |
|
| 700 | 1 |
_aFage, J. D., _ejoint author. _930511 |
|
| 906 |
_a7 _bcbc _corignew _d3 _encip _f19 _gy-gencatlg |
||
| 942 |
_2lcc _cSPC |
||